[Event "110th ch-GBR 2024"]
[Site "Hull ENG"]
[Date "2024.08.02"]
[Round "7.36"]
[White "Larchikov, Maksym"]
[Black "Pal, Rohan"]
[Result "1/2-1/2"]
[WhiteElo "2181"]
[BlackElo "2077"]
[WhiteFideId "34120815"]
[BlackFideId "462489"]
[EventDate "2024.07.27"]

1. d4 d5 2. c4 e6 3. Nf3 Nf6 4. Nc3 Be7 5. Bg5 h6 6. Bh4 dxc4 7. e3 c5 8. Bxc4
cxd4 9. exd4 Nc6 10. O-O O-O 11. Bg3 b6 12. a3 Bb7 13. Ba2 Rc8 14. Rc1 Bd6 15.
d5 Nxd5 16. Nxd5 exd5 17. Bxd5 Bxg3 18. fxg3 Qd7 19. Ba2 Rfd8 20. Qb3 Na5 1/2-1/2

[Event "110th ch-GBR 2024"]
[Site "Hull ENG"]
[Date "2024.08.02"]
[Round "7.37"]
[White "Mitchell, Martin"]
[Black "Rida, Ruqayyah"]
[Result "0-1"]
[BlackTitle "WCM"]
[WhiteElo "2159"]
[BlackElo "2064"]
[WhiteFideId "2400634"]
[BlackFideId "343272375"]
[EventDate "2024.07.27"]

1. d4 Nf6 2. c4 g6 3. Nc3 Bg7 4. e4 d6 5. Be2 O-O 6. Be3 e5 7. d5 Na6 8. h4 Nc5
9. Qc2 a5 10. h5 Ne8 11. hxg6 hxg6 12. g4 f6 13. Nf3 g5 14. Nd2 Bd7 15. Nf1 Rf7
16. Ng3 Bf8 17. O-O-O Rh7 18. Rxh7 Kxh7 19. Nf5 Bxf5 20. exf5 Qe7 21. Bxg5 Kg8
22. Be3 Qh7 23. g5 fxg5 24. Bxg5 Bh6 25. Qd2 Bxg5 26. Rg1 Kf8 27. Qxg5 Qg7 28.
Qxg7+ Nxg7 29. f6 Ne8 30. Nb5 c6 31. dxc6 bxc6 32. f7 Kxf7 33. Bh5+ Ke7 34. Nc3
Nf6 35. Rg7+ Ke6 36. Bf7+ Kf5 37. Bg6+ Kf4 38. Rf7 Kg5 39. Bc2 e4 40. Rc7 Kf5
41. Rxc6 Ke5 42. Nb5 Ra6 43. Rc7 Ng4 44. Rf7 Nf6 45. b3 Nfd7 46. f3 Ra8 47. fxe4
Rh8 48. Rf5+ Ke6 49. Nd4+ Ke7 50. Nc6+ Ke6 51. Nxa5 Rh1+ 52. Kb2 Rh2 53. Rf1 Ne5
54. Nc6 Nxc6 55. Kc3 Rh3+ 56. Kd2 Nd4 57. Bb1 Ke5 58. Rf8 Rh1 59. Re8+ Kf6 60.
Ke3 Nde6 61. Bc2 Rh3+ 62. Kd2 Nd4 63. e5+ dxe5 64. Rf8+ Ke7 65. Rf2 e4 66. Kc1
e3 67. Rf1 e2 68. Re1 Rc3 69. Kd2 Rxc2+ 70. Ke3 Nce6 71. a4 Rb2 72. Rh1 e1=R+
73. Rxe1 Nc2+ 0-1

[Event "110th ch-GBR 2024"]
[Site "Hull ENG"]
[Date "2024.08.02"]
[Round "7.38"]
[White "Saunders, Aron"]
[Black "Sooraj, M R"]
[Result "0-1"]
[WhiteElo "2105"]
[BlackElo "1999"]
[WhiteFideId "469343"]
[BlackFideId "35014730"]
[EventDate "2024.07.27"]

1. e4 Nf6 2. e5 Nd5 3. d4 d6 4. c4 Nb6 5. f4 Bf5 6. Nc3 dxe5 7. fxe5 e6 8. Be3
Bb4 9. Nf3 c5 10. dxc5 Qxd1+ 11. Kxd1 Bxc3 12. bxc3 Na4 13. Bd4 Nd7 14. Kd2
Ndxc5 15. Ke3 Rc8 16. Be2 b6 17. Nd2 Ke7 18. g4 Bg6 19. h4 h6 20. h5 Bh7 21.
Raf1 Nd7 22. Ne4 Bxe4 23. Kxe4 Nb2 24. Re1 Nxc4 25. Rh3 Rhd8 26. Rg3 Nc5+ 27.
Kf3 Nd2+ 28. Kg2 Na4 29. Bb5 Nc5 30. Be2 Nde4 31. Re3 Ng5 32. Bf1 Rc7 33. Rb1 f6
34. Rbe1 Nd7 35. c4 Nxe5 36. Bxe5 Rd2+ 37. R1e2 Rxe2+ 38. Bxe2 fxe5 39. Rxe5 Nf7
40. Re3 Nd6 41. Rc3 Rc5 42. Ra3 a5 43. Ra4 Kf6 44. Kf3 Kg5 45. Ke3 Re5+ 46. Kd3
Ne4 47. Kd4 Kf4 48. Ra3 Ng5 0-1

[Event "110th ch-GBR 2024"]
[Site "Hull ENG"]
[Date "2024.08.02"]
[Round "7.39"]
[White "Dicen, Elis Denele"]
[Black "Verma, Aditya"]
[Result "1/2-1/2"]
[WhiteTitle "WCM"]
[WhiteElo "2060"]
[BlackElo "2118"]
[WhiteFideId "462560"]
[BlackFideId "426202"]
[EventDate "2024.07.27"]

1. e4 g6 2. d4 Bg7 3. Nf3 d6 4. Nc3 a6 5. a4 Nd7 6. Bc4 c5 7. dxc5 Nxc5 8. e5
Be6 9. Bxe6 Nxe6 10. exd6 exd6 11. O-O Ne7 12. Nd5 O-O 13. Nxe7+ Qxe7 14. c3 b5
15. Re1 Qd7 16. axb5 axb5 17. Rxa8 Rxa8 18. Be3 Rb8 19. Qd2 Ra8 20. Qd5 Rb8 21.
Nd4 Nxd4 22. Bxd4 Re8 23. Rf1 Bxd4 24. Qxd4 Re2 25. Ra1 Qc6 26. Rb1 d5 27. h3
Re4 28. Qd2 Qc4 29. Re1 Kg7 30. Re3 h5 31. Rxe4 1/2-1/2

[Event "110th ch-GBR 2024"]
[Site "Hull ENG"]
[Date "2024.08.02"]
[Round "7.40"]
[White "Merriman, James"]
[Black "Arnott, Jonathan W"]
[Result "1-0"]
[BlackTitle "CM"]
[WhiteElo "1974"]
[BlackElo "2089"]
[WhiteFideId "452270"]
[BlackFideId "408077"]
[EventDate "2024.07.27"]

1. d4 Nf6 2. c4 c5 3. d5 b5 4. cxb5 a6 5. bxa6 Bxa6 6. Nc3 g6 7. e4 Bxf1 8. Kxf1
d6 9. Nf3 Nbd7 10. g3 Bg7 11. Kg2 O-O 12. a4 Ra6 13. Qc2 e6 14. dxe6 fxe6 15.
Re1 Ng4 16. Bg5 Bf6 17. Bxf6 Qxf6 18. Qe2 Rb6 19. Nb5 d5 20. h3 dxe4 21. Qxe4
Nxf2 22. Kxf2 Ne5 23. Ra3 Nf7 24. Qe2 e5 25. Kg2 e4 26. Nh2 Ng5 27. Rf1 Qe6 28.
Rxf8+ Kxf8 29. h4 Qh3+ 30. Kg1 Nf7 31. Qg4 1-0

[Event "110th ch-GBR 2024"]
[Site "Hull ENG"]
[Date "2024.08.02"]
[Round "7.41"]
[White "Verbytski, Oleg"]
[Black "Larkin, Benjamin"]
[Result "0-1"]
[WhiteElo "2076"]
[BlackElo "1952"]
[WhiteFideId "495506"]
[BlackFideId "479977"]
[EventDate "2024.07.27"]

1. e4 c6 2. d4 d5 3. exd5 cxd5 4. c4 Nf6 5. Nc3 Nc6 6. Nf3 a6 7. c5 g6 8. Be2
Bg4 9. Be3 Bg7 10. O-O e6 11. h3 Bxf3 12. Bxf3 Ng8 13. b4 Nge7 14. b5 axb5 15.
Nxb5 Nf5 16. Bg4 Nxe3 17. fxe3 O-O 18. Rb1 f5 19. Be2 Rxa2 20. Nd6 Qg5 21. Rf3
Ra3 22. Rb3 Rxb3 23. Qxb3 Bxd4 24. exd4 Nxd4 25. Qb2 Nxf3+ 26. Bxf3 Qe3+ 27. Qf2
Qc1+ 28. Kh2 Qf4+ 29. Kh1 Ra8 30. Qe1 Kf8 31. Nxb7 e5 32. c6 e4 33. Qc3 exf3 34.
Nc5 fxg2+ 35. Kxg2 Ra2+ 36. Kg1 Qh2+ 37. Kf1 Qh1# 0-1

[Event "110th ch-GBR 2024"]
[Site "Hull ENG"]
[Date "2024.08.02"]
[Round "7.42"]
[White "Sanger, Jake M"]
[Black "Beaumont, Chris R"]
[Result "1-0"]
[BlackTitle "IM"]
[WhiteElo "2026"]
[BlackElo "2198"]
[WhiteFideId "2406136"]
[BlackFideId "400424"]
[EventDate "2024.07.27"]

1. d4 d6 2. Nf3 g6 3. c4 Bg7 4. Nc3 Nf6 5. e4 O-O 6. Be2 e5 7. Be3 exd4 8. Nxd4
Re8 9. f3 c6 10. Bf2 d5 11. exd5 cxd5 12. O-O Nc6 13. c5 Nh5 14. Qd2 Be5 15. g3
Ng7 16. Bb5 Bh3 17. Nxc6 bxc6 18. Bxc6 Bxf1 19. Rxf1 Rb8 20. Bxe8 Nxe8 21. Re1 1-0

[Event "110th ch-GBR 2024"]
[Site "Hull ENG"]
[Date "2024.08.03"]
[Round "8.1"]
[White "Howell, David W L"]
[Black "Ghasi, Ameet K"]
[Result "1-0"]
[WhiteTitle "GM"]
[BlackTitle "IM"]
[WhiteElo "2675"]
[BlackElo "2495"]
[WhiteFideId "410608"]
[BlackFideId "409200"]
[EventDate "2024.07.27"]

1. d4 Nf6 2. c4 g6 3. g3 Bg7 4. Bg2 O-O 5. Nc3 d6 6. Nf3 Nbd7 7. O-O e5 8. e4
exd4 9. Nxd4 Nc5 10. h3 Re8 11. Re1 h6 12. f3 c6 13. Be3 d5 14. Nxc6 bxc6 15.
Bxc5 Rb8 16. Rb1 Nh5 17. Bf2 Rxb2 18. Rxb2 Bxc3 19. Rd2 Bxd2 20. Qxd2 dxe4 21.
Qxh6 exf3 22. Rxe8+ Qxe8 23. Bxf3 Qe5 24. Qe3 Qxe3 25. Bxe3 Nxg3 26. Bxa7 Be6
27. a4 Bxc4 28. Bxc6 Nf5 29. Bc5 Ng7 30. Bb7 Ne6 31. Bb6 g5 32. a5 Nf4 33. Kh2
Kg7 34. a6 Bxa6 35. Bxa6 Kg6 36. Bc8 f5 37. Bd7 Nd5 38. Be8+ Kg7 39. Bd4+ Kh6
40. Kg3 Nf4 41. Bc5 Ne2+ 42. Kf2 Nf4 43. Bf8+ Kh7 44. Kg3 Ne2+ 45. Kh2 Nf4 46.
Bf7 Nd3 47. Bd6 Kh6 48. Be8 Kg7 49. Kg3 Kf6 50. Bc7 Ke7 51. Bg6 Kf6 52. Bh7 Nf4
53. Bd8+ 1-0

[Event "110th ch-GBR 2024"]
[Site "Hull ENG"]
[Date "2024.08.03"]
[Round "8.2"]
[White "Jones, Gawain C B"]
[Black "Bazakutsa, Svyatoslav"]
[Result "1-0"]
[WhiteTitle "GM"]
[BlackTitle "IM"]
[WhiteElo "2640"]
[BlackElo "2490"]
[WhiteFideId "409561"]
[BlackFideId "14198525"]
[EventDate "2024.07.27"]

1. d4 Nf6 2. c4 g6 3. g3 Bg7 4. Bg2 O-O 5. Nc3 d6 6. Nf3 Nc6 7. d5 Na5 8. b3 c5
9. Bb2 a6 10. O-O Rb8 11. a4 e6 12. Ra2 exd5 13. Nxd5 Nxd5 14. Bxg7 Kxg7 15.
cxd5 Re8 16. Qd2 Kg8 17. b4 cxb4 18. Qxb4 Qc7 19. Ng5 f5 20. Rd1 b5 21. Ne6 Bxe6
22. dxe6 Nc4 23. axb5 axb5 24. Ra6 Qc5 25. Qc3 Qe5 26. Qxe5 dxe5 27. Bc6 Re7 28.
Rd7 Kf8 29. Raa7 Rbe8 30. Bxb5 Nb6 31. Rac7 Rxd7 32. exd7 Rd8 33. g4 fxg4 34.
Kg2 Ke7 35. Kg3 Nd5 36. Rc5 Kd6 37. Rc8 Ke7 38. Kxg4 h6 39. Kf3 Nf6 40. Rc5 Nxd7
41. Rc7 Ke6 42. Rc6+ Kf7 43. Rd6 Ke7 44. Rxg6 Rf8+ 45. Kg2 Nf6 46. Rxh6 Rb8 47.
Ba6 Ra8 48. Bc4 Rc8 49. Bb3 Rb8 50. Rh3 Rb4 51. Rc3 Rg4+ 52. Rg3 Rb4 53. Re3 Ng4
54. Rc3 Nf6 55. h3 Nh5 56. e3 Nf6 57. Rc7+ Kd6 58. Rf7 Ne4 59. Bc2 Ke6 60. Ra7
Nf6 61. Ra6+ Kf7 62. Ra7+ Ke6 63. Bg6 Rb8 64. Ra6+ Ke7 65. Bf5 Kf7 66. Ra7+ Kg8
67. Re7 Rb5 68. Bg6 Kh8 69. Kg3 Kg8 70. Rc7 e4 71. h4 Rb1 72. Kg2 Rb6 73. Ra7
Ng4 74. Bf5 Nf6 75. Ra4 Rb2 76. Bxe4 Kh8 77. Kf3 Rb5 78. Ra8+ Kg7 79. Ra7+ Kg8
80. Bg6 Rb4 81. e4 Rb5 82. Kf4 Rb6 83. h5 Kf8 84. Kf5 Kg8 85. e5 Nd5 86. Bf7+
Kh8 87. Ra8+ Kh7 88. Bxd5 Rh6 89. Ra7+ Kh8 90. e6 Rh7 91. Rxh7+ Kxh7 92. e7 Kg7
93. e8=Q Kh7 94. h6 Kxh6 95. Qh8# 1-0

[Event "110th ch-GBR 2024"]
[Site "Hull ENG"]
[Date "2024.08.03"]
[Round "8.3"]
[White "Wadsworth, Matthew J"]
[Black "Adams, Michael"]
[Result "1/2-1/2"]
[WhiteTitle "IM"]
[BlackTitle "GM"]
[WhiteElo "2456"]
[BlackElo "2672"]
[WhiteFideId "415804"]
[BlackFideId "400041"]
[EventDate "2024.07.27"]

1. d4 Nf6 2. c4 e6 3. Nf3 d5 4. Nc3 Bb4 5. cxd5 exd5 6. Bg5 O-O 7. Qc2 c5 8. e3
h6 9. Bh4 cxd4 10. Nxd4 Nc6 11. Be2 Nxd4 12. exd4 g5 13. Bg3 Ne4 14. O-O Bxc3
15. bxc3 Bf5 16. Bd3 Rc8 17. Bxe4 dxe4 18. Qb2 Qd5 19. f4 g4 20. Rab1 b6 21. Qb3
Rfd8 22. Rfe1 Qxb3 23. Rxb3 Rd5 24. Ra3 Rc7 25. Kf2 h5 26. Ke3 Ra5 27. Rxa5
Rxc3+ 28. Kd2 Rd3+ 29. Kc1 bxa5 30. Rd1 Ra3 31. Kb2 Re3 32. Rd2 a4 33. Bf2 a3+
34. Kc2 Rd3 35. Rxd3 exd3+ 36. Kc3 Be6 37. d5 Bxd5 38. Bxa7 Bxg2 39. Kxd3 h4 40.
Ke3 Bd5 41. Kf2 Kg7 42. Bc5 Kf6 43. Bxa3 Bxa2 44. Bd6 Bd5 45. Bc7 Kf5 46. Bd8 f6
47. Be7 Kxf4 48. Bxf6 g3+ 49. hxg3+ hxg3+ 1/2-1/2

[Event "110th ch-GBR 2024"]
[Site "Hull ENG"]
[Date "2024.08.03"]
[Round "8.4"]
[White "Conquest, Stuart C"]
[Black "McShane, Luke J"]
[Result "1/2-1/2"]
[WhiteTitle "GM"]
[BlackTitle "GM"]
[WhiteElo "2510"]
[BlackElo "2617"]
[WhiteFideId "400181"]
[BlackFideId "404853"]
[EventDate "2024.07.27"]

1. Nf3 Nf6 2. c4 b6 3. Nc3 Bb7 4. d4 e6 5. a3 d5 6. cxd5 Nxd5 7. Qc2 Nd7 8. e4
Nxc3 9. bxc3 c5 10. Bd3 Qc7 11. Qb1 Be7 12. O-O O-O 13. Rd1 Rfd8 14. a4 e5 15.
d5 c4 16. Be2 Ba6 17. Qa2 Nf6 18. Nd2 Rac8 19. Ba3 Bxa3 20. Qxa3 Ne8 21. Bg4 Rb8
22. Nf1 Nd6 23. Re1 g6 24. Bd1 Bc8 25. Bc2 Bd7 26. h4 h5 27. Nd2 Re8 28. Re3
Rbc8 29. Rg3 Qc5 30. Qc1 Kg7 31. Qd1 Rh8 32. Qe1 Nb7 33. Rg5 Rce8 34. Nf3 Qc7
35. Rg3 Bg4 36. Nd2 Nd6 37. Re3 Qe7 38. f3 Bd7 39. Re2 g5 40. Qg3 Kh6 41. hxg5+
Qxg5 42. Qxg5+ Kxg5 43. Kf2 h4 44. Ke3 Kf6 45. f4 exf4+ 46. Kxf4 Rhg8 47. Ke3
Rg4 48. Rae1 Ke7 49. Nf3 f6 50. Kd2 Kd8 51. Nd4 Reg8 52. Rf1 Ke7 53. Rff2 Nf7
54. Nf3 Ne5 55. Nxe5 fxe5 56. Kc1 Rg3 57. Kb2 a6 58. Rd2 b5 59. axb5 axb5 60.
Bd1 R8g6 61. Bh5 Rd6 62. Rf7+ Kd8 63. Rf3 Rg5 64. Rf8+ Kc7 65. Be8 Rg4 66. Bxd7
Rxd7 67. Ka3 Rxe4 68. Kb4 Re3 69. Kxb5 Rd3 70. Ra2 R3xd5+ 71. Kxc4 Rd2 72. Ra7+
Kd6 73. Rxd7+ Kxd7 74. Rh8 Rxg2 75. Rxh4 Rd2 76. Rh6 e4 77. Rh4 e3 78. Re4 e2
79. Kc5 1/2-1/2

[Event "110th ch-GBR 2024"]
[Site "Hull ENG"]
[Date "2024.08.03"]
[Round "8.5"]
[White "Royal, Shreyas"]
[Black "Gasanov, Eldar"]
[Result "1/2-1/2"]
[WhiteTitle "IM"]
[BlackTitle "GM"]
[WhiteElo "2487"]
[BlackElo "2469"]
[WhiteFideId "448869"]
[BlackFideId "14104466"]
[EventDate "2024.07.27"]

1. d4 e6 2. c4 Bb4+ 3. Nc3 c5 4. d5 Bxc3+ 5. bxc3 d6 6. e4 e5 7. Bd3 Ne7 8. Ne2
Nd7 9. Bg5 h6 10. Be3 Nf6 11. h3 Ng6 12. O-O Nh5 13. Bc2 Nhf4 14. Ng3 Nh4 15.
Bxf4 exf4 16. Nf5 O-O 17. Qg4 Nxf5 18. exf5 Qg5 19. Rfe1 Bd7 20. Rab1 b6 21. a4
Rab8 22. Qxg5 hxg5 23. g3 fxg3 24. fxg3 Rfe8 25. Rxe8+ Bxe8 26. Kf2 Kf8 27. Kf3
Ke7 28. Rh1 Bd7 29. h4 Kf6 30. g4 gxh4 31. Rxh4 Re8 32. Kf4 Re2 33. g5+ Ke7 34.
Be4 Rf2+ 35. Ke3 Rf1 36. Bd3 Rg1 37. Kf4 Rd1 38. Ke3 Rg1 39. Kf4 Rd1 40. Ke3 Rg1
41. Kf4 1/2-1/2

[Event "110th ch-GBR 2024"]
[Site "Hull ENG"]
[Date "2024.08.03"]
[Round "8.6"]
[White "Grieve, Harry"]
[Black "Kanyamarala, Tarun"]
[Result "1/2-1/2"]
[WhiteTitle "IM"]
[BlackTitle "IM"]
[WhiteElo "2477"]
[BlackElo "2337"]
[WhiteFideId "426520"]
[BlackFideId "45004714"]
[EventDate "2024.07.27"]

1. e4 c5 2. Nf3 Nc6 3. Bb5 e6 4. Bxc6 bxc6 5. d3 Qc7 6. O-O Ne7 7. Re1 e5 8. c3
Ng6 9. d4 cxd4 10. cxd4 d6 11. Be3 Be7 12. dxe5 dxe5 13. Nc3 O-O 14. Qc2 Qd7 15.
Rec1 Ba6 16. Qa4 Bb5 17. Nxb5 cxb5 18. Qa6 Rfb8 19. h3 Bd8 20. Rd1 Qc8 21. Qd6
Bb6 22. Rac1 Qe8 23. Bxb6 Rxb6 24. Qc7 Rbb8 25. Qa5 Rb7 26. Rc5 f6 27. Rd6 Nf4
28. Nh4 Ne2+ 29. Kh2 Nd4 30. Rcd5 Rbb8 31. Rd7 Rc8 32. Nf5 Nxf5 33. exf5 a6 34.
g4 h6 35. Qb6 Kh8 36. h4 Qf8 37. R5d6 Rcb8 38. Qc7 Rc8 39. Qb6 Rcb8 40. Qa5 Re8
41. a3 Qg8 42. Qd2 Rf8 43. Qd5 Qxd5 44. Rxd5 Rfc8 45. Kg3 Rc2 46. g5 hxg5 47.
hxg5 fxg5 48. Rf7 Rc4 49. Rxe5 Rd8 50. f6 gxf6 51. Rxf6 Rd3+ 52. Kg2 Rf4 53.
Rh6+ Kg7 54. Rxa6 Rd2 55. Rxg5+ Kf7 56. b4 Rdxf2+ 57. Kh3 Ra2 58. Rxb5 Rf3+ 59.
Kg4 Raxa3 60. Rb7+ Ke8 61. Rh6 Rg3+ 62. Kf4 Rh3 63. Rc6 Kd8 64. Rg6 Kc8 65. Rgb6
Rhf3+ 66. Ke4 Rfe3+ 67. Kd5 Rad3+ 68. Kc5 Rc3+ 69. Kb5 Re5+ 70. Ka4 Rc7 71. Rb8+
Kd7 72. Rh8 Ra7+ 73. Kb3 Kc7 74. Rg6 Re7 75. Kc4 Ra1 76. Rh5 Rae1 77. Rc5+ Kb7
78. Kb5 R1e6 79. Rg4 Re5 80. Rd4 Rxc5+ 81. bxc5 Rh7 82. Rd6 Rg7 83. Rb6+ Kc7 84.
Ra6 Rg5 85. Ra7+ Kb8 86. Rd7 Kc8 87. Rd6 Kc7 88. Rc6+ Kb7 89. Rf6 Rg7 90. Rb6+
Kc7 91. Ra6 Rg5 92. Rc6+ Kb7 93. Re6 Rg7 94. Kc4 Rg1 95. Re5 Kc6 96. Re6+ Kc7
97. Kd5 Rd1+ 98. Ke5 Re1+ 99. Kf6 Rxe6+ 100. Kxe6 Kc6 101. Kf7 Kxc5 1/2-1/2

[Event "110th ch-GBR 2024"]
[Site "Hull ENG"]
[Date "2024.08.03"]
[Round "8.7"]
[White "Merry, Alan B"]
[Black "Ledger, Andrew J"]
[Result "1-0"]
[WhiteTitle "IM"]
[BlackTitle "IM"]
[WhiteElo "2423"]
[BlackElo "2334"]
[WhiteFideId "418811"]
[BlackFideId "400610"]
[EventDate "2024.07.27"]

1. d4 Nf6 2. c4 e6 3. g3 Bb4+ 4. Bd2 a5 5. Bg2 d6 6. e3 Nbd7 7. Ne2 e5 8. O-O
Bxd2 9. Qxd2 O-O 10. Nbc3 Re8 11. Qc2 c6 12. h3 Qe7 13. e4 Nb6 14. b3 a4 15.
Rad1 axb3 16. axb3 h5 17. f4 h4 18. g4 exf4 19. Nxf4 Nh7 20. Kh1 Nd7 21. Nfe2
Ndf8 22. Rde1 Ng5 23. Nc1 Qd8 24. Qf2 Ng6 25. Nd3 Qb6 26. e5 Qxb3 27. Ne4 Ra2
28. Qe3 Nxe4 29. Bxe4 dxe5 30. Rxf7 Nf4 31. Rxf4 exf4 32. Bd5+ Be6 33. Bxe6+ Kh8
34. Qe5 Rxe6 35. Qxe6 Ra8 36. Qf5 Qc3 37. g5 Qd2 38. g6 f3 39. Qxf3 1-0

[Event "110th ch-GBR 2024"]
[Site "Hull ENG"]
[Date "2024.08.03"]
[Round "8.8"]
[White "Han, Yichen"]
[Black "Pein, Malcolm"]
[Result "1-0"]
[WhiteTitle "IM"]
[BlackTitle "IM"]
[WhiteElo "2414"]
[BlackElo "2274"]
[WhiteFideId "1054430"]
[BlackFideId "400289"]
[EventDate "2024.07.27"]

1. e4 e5 2. Nf3 Nc6 3. d4 exd4 4. Nxd4 Bc5 5. Nb3 Bb4+ 6. c3 Be7 7. f4 d6 8. Bd3
Nf6 9. O-O O-O 10. N1d2 Re8 11. Qc2 Bf8 12. Nf3 g6 13. Bd2 Bg7 14. Rae1 b6 15.
e5 dxe5 16. fxe5 Ng4 17. Bg5 Qd5 18. Be4 Qc4 19. Bd3 Qd5 20. Be4 Qc4 21. Rd1 Be6
22. Nbd4 Bd5 23. b3 Qc5 24. b4 Qc4 25. Nd2 Nxd4 26. Nxc4 Nxc2 27. Bxd5 Nxe5 28.
Nxe5 Rxe5 29. Bxa8 Rxg5 30. Rd8+ Bf8 31. Bd5 Rxd5 32. Rxd5 Ne3 33. Rd8 Nxf1 34.
Kxf1 Kg7 35. Ra8 Bd6 36. Rxa7 Kf6 37. a4 Ke6 38. a5 bxa5 39. bxa5 Kd5 40. a6 Kc6
41. Rb7 Bc5 42. Ke2 f5 43. Rb8 1-0

[Event "110th ch-GBR 2024"]
[Site "Hull ENG"]
[Date "2024.08.03"]
[Round "8.9"]
[White "Balaji, Aaravamudhan"]
[Black "Lutsko, Artem"]
[Result "1/2-1/2"]
[WhiteTitle "FM"]
[BlackTitle "IM"]
[WhiteElo "2316"]
[BlackElo "2414"]
[WhiteFideId "436224"]
[BlackFideId "14188767"]
[EventDate "2024.07.27"]

1. d4 Nf6 2. c4 e6 3. Nc3 Bb4 4. e3 O-O 5. Bd3 d5 6. cxd5 exd5 7. a3 Be7 8. Qc2
a5 9. Nge2 Na6 10. Bd2 c6 11. O-O Nc7 12. Ng3 Re8 13. Rac1 Ne6 14. Nce2 Bd7 15.
Bc3 b5 16. Qb1 Bf8 17. Kh1 h5 18. Ng1 b4 19. axb4 axb4 20. Be1 c5 21. Nf3 cxd4
22. exd4 Nf4 23. Ne5 Nxd3 24. Qxd3 Be6 25. Bd2 h4 26. Ne2 Ne4 27. Be3 f6 28. Nf3
g5 29. Ne1 Bc8 30. Qd1 Ba6 31. Nd3 Qd7 32. Nc5 Bxc5 33. dxc5 d4 34. Nxd4 Bxf1
35. Qxf1 Qd5 36. h3 Nxc5 37. Qb5 Rec8 38. Nf3 Rab8 39. Qa5 Ra8 40. Qb5 Rab8 41.
Qa5 Ra8 42. Qb5 Rab8 1/2-1/2

[Event "110th ch-GBR 2024"]
[Site "Hull ENG"]
[Date "2024.08.03"]
[Round "8.10"]
[White "Derakhshani, Borna"]
[Black "Palliser, Richard J D"]
[Result "0-1"]
[WhiteTitle "FM"]
[BlackTitle "IM"]
[WhiteElo "2351"]
[BlackElo "2369"]
[WhiteFideId "12518450"]
[BlackFideId "407372"]
[EventDate "2024.07.27"]

1. e4 c5 2. Nf3 d6 3. d4 cxd4 4. Nxd4 Nf6 5. Nc3 a6 6. Be2 e5 7. Nb3 Be7 8. Be3
Be6 9. Nd5 Nbd7 10. Qd3 O-O 11. c4 b5 12. Nd2 Bxd5 13. cxd5 Nc5 14. Bxc5 dxc5
15. b3 Ne8 16. O-O Bd6 17. a4 Nc7 18. Bg4 Qe7 19. Ra2 g6 20. Rfa1 Rad8 21. Nf1
f5 22. exf5 e4 23. Qh3 h5 24. Be2 Rxf5 25. axb5 axb5 26. Ne3 Rf4 27. g3 Rf7 28.
Ra7 Qe5 29. R1a2 Rdf8 30. Rxc7 Bxc7 31. Bxb5 Kg7 32. Bd7 c4 33. bxc4 Bb6 34. Qe6
Qd4 35. Kg2 Rxf2+ 0-1

[Event "110th ch-GBR 2024"]
[Site "Hull ENG"]
[Date "2024.08.03"]
[Round "8.11"]
[White "Khoury, Theo"]
[Black "Czopor, Maciej"]
[Result "0-1"]
[BlackTitle "FM"]
[WhiteElo "2113"]
[BlackElo "2361"]
[WhiteFideId "480703"]
[BlackFideId "21805431"]
[EventDate "2024.07.27"]

1. e4 c5 2. Nf3 d6 3. d4 cxd4 4. Nxd4 Nf6 5. Nc3 a6 6. f3 e5 7. Nb3 Be6 8. Be3
h5 9. Nd5 Bxd5 10. exd5 Nbd7 11. Qd2 g6 12. Be2 Qc7 13. Rc1 Bg7 14. O-O O-O 15.
Rfd1 b6 16. c3 Rfe8 17. Na1 e4 18. f4 Ng4 19. Bxg4 hxg4 20. Nc2 b5 21. f5 Ne5
22. Bd4 Qe7 23. Rf1 Qh4 24. Qe2 Qg5 25. Be3 Qh5 26. fxg6 Qxg6 27. Kh1 Nd3 28.
Rb1 Re5 29. Bf4 Rh5 30. Ne3 f5 31. Bg3 Rf8 32. Be1 g3 33. h3 f4 34. Ng4 f3 35.
gxf3 Nf4 0-1

[Event "110th ch-GBR 2024"]
[Site "Hull ENG"]
[Date "2024.08.03"]
[Round "8.12"]
[White "Golding, Alex"]
[Black "Williams, Simon K"]
[Result "0-1"]
[WhiteTitle "FM"]
[BlackTitle "GM"]
[WhiteElo "2296"]
[BlackElo "2450"]
[WhiteFideId "427241"]
[BlackFideId "404454"]
[EventDate "2024.07.27"]

1. e4 c5 2. Nf3 Nc6 3. d4 cxd4 4. Nxd4 Nf6 5. Nc3 d6 6. Bc4 e6 7. Bb3 Be7 8. Be3
O-O 9. h3 Bd7 10. Qe2 Nxd4 11. Bxd4 b5 12. a3 a5 13. a4 b4 14. Bxf6 Bxf6 15. Nd1
Qb6 16. O-O Bc6 17. Kh1 Qd4 18. Re1 Bg5 19. Qd3 Qe5 20. g3 f5 21. f4 Bxe4+ 22.
Rxe4 fxe4 23. Qb5 Bxf4 24. gxf4 Qxf4 25. Bxe6+ Kh8 26. Qe2 Rae8 27. Bg4 e3 28.
c3 g6 29. cxb4 h5 30. Bxh5 gxh5 31. Qxh5+ Kg7 32. Nc3 Qf3+ 33. Qxf3 Rxf3 34.
bxa5 e2 35. Nxe2 Rxe2 36. b4 Rxh3+ 37. Kg1 Rg3+ 38. Kf1 Rh2 0-1

[Event "110th ch-GBR 2024"]
[Site "Hull ENG"]
[Date "2024.08.03"]
[Round "8.13"]
[White "Trent, Lawrence"]
[Black "Yao, Lan"]
[Result "1-0"]
[WhiteTitle "IM"]
[BlackTitle "WGM"]
[WhiteElo "2416"]
[BlackElo "2325"]
[WhiteFideId "408638"]
[BlackFideId "8610835"]
[EventDate "2024.07.27"]

1. b3 e5 2. Bb2 Nc6 3. c4 Nf6 4. Nf3 e4 5. Nd4 d5 6. cxd5 Qxd5 7. e3 Be7 8. Nc3
Qg5 9. Nxc6 bxc6 10. Qc2 Qg6 11. O-O-O O-O 12. f3 exf3 13. Qxg6 hxg6 14. gxf3
Nd5 15. h4 Be6 16. h5 gxh5 17. Rxh5 f5 18. Bc4 Kf7 19. Ne2 Bf6 20. Nd4 Bxd4 21.
Bxd4 Rh8 22. Rg5 Rhg8 23. Rh1 Nf6 24. Rxf5 Bxc4 25. bxc4 Rab8 26. Ra5 Rb4 27. d3
Rb7 28. Kc2 Nd7 29. Rg1 g6 30. Rh1 Ke6 31. Rh7 Kd6 32. f4 c5 33. Bc3 Re8 34. Kd2
Re6 35. Ra6+ Nb6 36. Be5+ Kc6 37. a4 Rxe5 38. fxe5 Rb8 39. Rxa7 Nd7 40. e6 Ne5
41. Rhxc7+ Kd6 42. Rcb7 Re8 43. Ra6+ 1-0

[Event "110th ch-GBR 2024"]
[Site "Hull ENG"]
[Date "2024.08.03"]
[Round "8.14"]
[White "Pert, Richard G"]
[Black "Taylor, Adam A"]
[Result "1/2-1/2"]
[WhiteTitle "IM"]
[WhiteElo "2415"]
[BlackElo "2281"]
[WhiteFideId "404748"]
[BlackFideId "415790"]
[EventDate "2024.07.27"]

1. d4 Nf6 2. Nf3 e6 3. Bf4 Be7 4. Nbd2 d5 5. e3 b6 6. c3 O-O 7. Ne5 Nfd7 8. Ndf3
f6 9. Nxd7 Qxd7 10. Bg3 Bd6 11. Bd3 Ba6 12. e4 Bxd3 13. Qxd3 Nc6 14. Bxd6 Qxd6
15. O-O Rad8 16. Rfe1 e5 17. dxe5 Nxe5 18. Nxe5 Qxe5 19. exd5 Qxd5 20. Qa6 Qc6
21. Rad1 Rfe8 22. h3 Rxe1+ 23. Rxe1 h6 24. Qe2 1/2-1/2